Christian democracy in Europe / Mario Caciagli ... [et al.]
ISBN:
84-7794-174-2
Descripción Física:
137 p. ; 23 cm
Colección:
Workshop Barcelona ; 3
Otros Autores:
Caciagli, Mario
Materias:
Democràcia cristiana -- Europa
MARC
| LEADER | 00000nam a2200000Ia 4500 | ||
|---|---|---|---|
| 001 | 17636 | ||
| 008 | 160829s1992 xx 000 0 cat d | ||
| 020 | |a 84-7794-174-2 | ||
| 080 | |a M-5-204 | ||
| 245 | |a Christian democracy in Europe / Mario Caciagli ... [et al.] | ||
| 260 | |a Barcelona : |b Institut de Ciències Polítiques i Socials : |b Diputació de Barcelona, |c 1992 | ||
| 300 | |a 137 p. ; |c 23 cm | ||
| 490 | |a Workshop Barcelona ; 3 | ||
| 590 | |a Bibliografia. | ||
| 590 | |a Text en anglès i francès | ||
| 650 | |a Democràcia cristiana |x Europa |9 26059 | ||
| 700 | |a Caciagli, Mario |9 24061 | ||
| 710 | 1 | |a Barcelona (Catalunya : Província). |b Diputació |9 52408 | |
| 710 | 2 | |a Institut de Ciències Polítiques i Socials (Barcelona, Catalunya) |9 55871 | |
| 901 | |a Arxiu | ||
| 942 | |n 1 | ||
| 952 | |0 0 |1 0 |4 0 |6 M5204 |7 1 |9 43868 |a Arxiu |b Arxiu |d 2016-12-01 |l 0 |o M-5-204 |p 17636 |r 2016-12-01 00:00:00 |w 2016-12-01 |y ARXIU | ||
| 999 | |c 46448 |d 46448 | ||